• 首页
  • 本馆介绍
  • 公告通知
  • 最新文献
  • 馆藏检索
  • 电子资源
  • 读者导购
  • 参考咨询
  • 我的图书馆
  • 登录
  • 详细信息显示
  • 放入我的书架
  • 预约/预借图书
  • 作者相关作品
  • 分类相关作品
  • 丛书相关作品
  • 出版社相关作品

书目信息

  • 表格格式
  • 工作单格式
  • 卡片格式
题名:
生态环境评价、规划与管理
    
 
作者: 海热提 , 王文兴 主编
分册:  
出版信息: 北京   中国环境科学出版社  2004
页数: 10,446页
开本: 23cm
丛书名:
单 册:
中图分类: X171.1
科图分类:
主题词: 生态环境--环境管理--高等教育--教材 , 环境生物学
电子资源:
ISBN: 7-80163-924-3
000 01016nam0 2200265 450
000 01140nam0 2200277 45
001 TS-218834
005 20061201151427.85
010    @a7-80163-924-3@dCNY50.00
100    @a20060829d2004 em y0chiy0110 ea
101 0  @achi
102    @aCN@b110000
105    @ay z 000yy
200 1  @a生态环境评价、规划与管理@Asheng tai huan jing ping jia 、 gui hua yu guan li@f海热提, 王文兴主编
210    @a北京@c中国环境科学出版社@d2004
215    @a10,446页@d23cm
300    @a北京市高等教育精品教材立项项目
330    @a本书介绍了生态学、环境学及生态环境研究的基本理论;概述了生态环境评价方法,且论述了生态评价和环境容载力评价的具体方法;说明了生态环境技术、生态规划和环境规划的概念、主要内容、基本程序和方案选定等。
606 0  @a生态环境@x环境管理@x高等教育@x教材
606 0  @a环境生物学
690    @aX171.1@v3
701  0 @a海热提@Ahai re ti@c(环境科学)@4主编
701  0 @a王文兴@Awang wen xing@c(院士)@4主编
801  0 @aCN@b中图数据@c20061201
905    @a10447@dX171.1@e85
    
    生态环境评价、规划与管理/海热提, 王文兴主编.-北京:中国环境科学出版社,2004
    10,446页;23cm
    北京市高等教育精品教材立项项目
    
    ISBN 7-80163-924-3:CNY50.00
    本书介绍了生态学、环境学及生态环境研究的基本理论;概述了生态环境评价方法,且论述了生态评价和环境容载力评价的具体方法;说明了生态环境技术、生态规划和环境规划的概念、主要内容、基本程序和方案选定等。
●
相关链接 在E读中查询图书 在五车中查询图书 在当当中查询图书 在豆瓣中查询图书


正题名:生态环境评价、规划与管理     索取号:X171.1/85         预约/预借

序号 登录号 条形码 馆藏地/架位号 状态 备注
1 0616430   206164309   第二样本阅览室/ [索取号:X171.1/85] 在馆    
2 0616431   206164318   第三借阅区/ [索取号:X171.1/85] 在馆    
3 0616432   206164327   第三借阅区/ [索取号:X171.1/85] 在馆    
4 0616433   206164336   第三借阅区/ [索取号:X171.1/85] 在馆    
5 0616434   206164345   第三借阅区/ [索取号:X171.1/85] 在馆    
唐山师范学院图书馆 欢迎您!
大连网信软件有限公司© 版权所有